| 000 | 00418nam a22001697a 4500 | ||
|---|---|---|---|
| 999 |
_c7292 _d7292 |
||
| 003 | GBCCL | ||
| 005 | 20241126110624.0 | ||
| 008 | 180724b ||||| |||| 00| 0 eng d | ||
| 020 | _a9781472351227 | ||
| 040 | _cGBC | ||
| 082 |
_a503 _bHUM |
||
| 245 |
_aThe human body : _ba family reference guide |
||
| 260 |
_aNew york : _bPrragon, _c2014. |
||
| 300 | _a256pages ; | ||
| 650 |
_aHuman body _912926 |
||
| 942 |
_2ddc _cREF |
||